000 01414nam a22003977a 4500
001 0071747
003 KOHA_MİRAKIL
005 20260207005024.0
007 ta
008 240906b2004 tu |||gr||||#0|||0|tur |
020 _a9755914897
040 _aTR-BiSEU
_btur
_cTR-BiSEU
_erda
041 0 _atur
044 _ctu
050 _aDR477
_b.Y57 2004
245 0 _a21. yüzyılda Türk dış politikası/
_cEditör İdris Bal.
264 1 _aAnkara :
_bNobel Yayın Dağıtım
_c2004
300 _aXIX, 994 sayfa; 24 cm.
336 _ametin
_btxt
_2rdacontent
337 _aaracısız
_bn
_2rdamedia
338 _acilt
_bnc
_2rdacarrier
490 1 _aNobel yayınları ;
_v510.
490 1 _aHukuk, İşletme, İktisat ve İletişim yayınları dizisi ;
_v105
650 0 _aTürkiye--Politika ve idare.
_934307
650 0 _aTürkiye--Dış ilişkiler--21. yy.
_998494
650 0 _aTürkiye--Siyaset ve yönetim.
_97157
650 0 _aTürkiye--Siyaset ve hükümet.
_963949
650 0 _aTürkiye--Politics and administration.
_9138439
650 0 _aTürkiye--Foreign relations--21. century.
_9141969
650 0 _aTürkiye--Politics and administration.
_9138439
650 0 _aTürkiye--Politics and government.
_9141970
830 1 _aNobel yayınları ;
_v510.
_91490
830 1 _aHukuk, İşletme, İktisat ve İletişim yayınları dizisi ;
_v105
_9141971
907 _aPolitika
942 _2lcc
_cBK
999 _c72502
_d72502